| 000 | 02943nam a2200253 4500 | ||
|---|---|---|---|
| 003 | NALT | ||
| 005 | 20260223142502.0 | ||
| 008 | 260211b th ||||| |||| 00| 0 tha d | ||
| 040 | _aNALT | ||
| 090 | _aELR 222/2 2568 | ||
| 100 | 0 |
_aสุรัชพงศ์ สิกขาบัณฑิต. _967393 |
|
| 245 | 1 | 0 |
_aการจัดทำสารัตถะด้านการเมืองและความมั่นคงเพื่อสนับสนุนคณะผู้แทนรัฐสภาไทยในการเป็นเจ้าภาพจัดการประชุมประจำปีรัฐสภาภาคพื้นเอเชียและแปซิฟิก ครั้งที่ 30 / _cสุรัชพงศ์ สิกขาบัณฑิต. |
| 246 | 3 | 0 | _aผลงานหรือผลสำเร็จของงานที่เกิดจากการปฏิบัติงานในตำแหน่ง. |
| 260 |
_aกรุงเทพฯ : _bสำนักงานเลขาธิการสภาผู้แทนราษฎร, _c2568. |
||
| 300 |
_a82 หน้า : _bแผนภูมิ ; _c30 ซม. |
||
| 505 | 2 | _a1. หลักการ/แนวคิดทฤษฎีที่เกี่ยวข้องในการปฏิบัติงาน -- 2. ความรู้ ความชำนาญงาน หรือความเชี่ยวชาญและประสบการณ์ที่ใช้ในการปฏิบัติงาน -- 3. สรุปสาระสำคัญ ขั้นตอนการดำเนินการ และเป้าหมายของงาน -- 3.1 สรุปสาระสำคัญ -- 3.2 ขั้นตอนการดำเนินการ -- 3.3 เป้าหมายของงาน -- 4. ผลสำเร็จของงาน -- 5. การนำไปใช้ประโยชน์/ผลกระทบ -- 6. ความยุ่งยากและซับซ้อนในการดำเนินการ -- 7. ปัญหาและอุปสรรคในการดำเนินการ -- 8. ข้อเสนอแนะ -- 9. การเผยแพร่ผลงาน -- 10. ผู้มีส่วนร่วมในผลงาน. | |
| 611 | 4 |
_aการประชุมประจำปีรัฐสภาภาคพื้นเอเชียและแปซิฟิก _967423 |
|
| 611 | 4 |
_aการประชุมรัฐสภาภาคพื้นเอเชียและแปซิฟิก _918715 |
|
| 942 |
_2local _cIS |
||
| 996 |
_ajidapa.t _bACQSTF _c2026-02-11 |
||
| 996 |
_avaree.k _bLIBSTF _c2026-02-18 |
||
| 996 |
_asaiphon.d _bCATSTF _c2026-02-23 |
||
| 999 |
_c107783 _d107783 |
||
| 998 |
_j104 _k นางสาวสายฝน ดีงาม |
||